[Event "Mondiale Lampo FIDE 2019"]
[Site "Mosca"]
[Date "29.12.2019"]
[Round "7.5"]
[White "Mamedyarov, Shakhriyar"]
[Black "Firouzja, Alireza"]
[Result "1/2-1/2"]
[WhiteTitle "GM"]
[BlackTitle "GM"]
[WhiteElo "2772"]
[BlackElo "2723"]
[WhiteFideId "13401319"]
[BlackFideId "12573981"]
[EventDate "2019.12.29"]

1. d4 Nf6 2. c4 g6 3. Nf3 Bg7 4. g3 O-O 5. Bg2 d6 6. O-O Ne4 7. b3 e5 8. Bb2 Nc6
9. d5 Ne7 10. Nxe5 Nxf2 11. Rxf2 dxe5 12. c5 Nf5 13. Qd2 Qe7 14. e4 Nd4 15. Ba3
c6 16. Nc3 1/2-1/2

[Event "Mondiale Lampo FIDE 2019"]
[Site "Mosca"]
[Date "29.12.2019"]
[Round "7.7"]
[White "Karjakin, Sergey"]
[Black "Tomashevsky, Evgeny"]
[Result "1-0"]
[WhiteTitle "GM"]
[BlackTitle "GM"]
[WhiteElo "2754"]
[BlackElo "2705"]
[WhiteFideId "14109603"]
[BlackFideId "4147235"]
[EventDate "2019.12.29"]

1. e4 e5 2. Nf3 Nc6 3. Bb5 Nf6 4. d3 Bc5 5. O-O d6 6. c3 a6 7. Bxc6+ bxc6 8. d4
exd4 9. cxd4 Bb6 10. Qc2 O-O 11. h3 Re8 12. Re1 c5 13. d5 h6 14. b3 Bb7 15. Bb2
c6 16. dxc6 Bxc6 17. Nbd2 Ba5 18. Re3 d5 19. Ne5 Bb7 20. exd5 Qxd5 21. Ndf3 Rad8
22. Rc1 Bc7 23. Rce1 Ba5 24. Rc1 Bc7 25. Rce1 Ba5 26. Bc3 Bxc3 27. Rxc3 Qd6 28.
Rxc5 Bxf3 29. Nxf3 Rxe1+ 30. Nxe1 Qd1 31. Qxd1 Rxd1 32. Kf1 Ne4 33. Rc2 Rb1 34.
Ke2 a5 35. Nd3 Rg1 36. g3 f5 37. h4 g5 38. hxg5 hxg5 39. Nc5 Nd6 40. Rd2 Nb5 41.
a4 Nc3+ 42. Kd3 Nd5 43. Kc4 Nb4 44. Kb5 Rc1 45. Ne6 Kf7 46. Nxg5+ Kf6 47. Nf3
Rc3 48. Nd4 Nd3 49. f4 Rc5+ 50. Kb6 Rc3 51. Rc2 1-0

[Event "Mondiale Lampo FIDE 2019"]
[Site "Mosca"]
[Date "29.12.2019"]
[Round "7.8"]
[White "Adly, Ahmed"]
[Black "Vidit, Santosh Gujrathi"]
[Result "0-1"]
[WhiteTitle "GM"]
[BlackTitle "GM"]
[WhiteElo "2607"]
[BlackElo "2721"]
[WhiteFideId "10601619"]
[BlackFideId "5029465"]
[EventDate "2019.12.29"]

1. Nf3 c5 2. g3 Nc6 3. Bg2 g6 4. O-O Bg7 5. c3 e5 6. e4 Nge7 7. a3 d6 8. b4 O-O
9. d3 a6 10. Be3 b6 11. Nbd2 h6 12. Nb3 Be6 13. Rb1 Rc8 14. Nfd2 f5 15. f4 exf4
16. Bxf4 g5 17. Be3 Bxc3 18. h4 gxh4 19. Bxh6 Bg7 20. Bxg7 Kxg7 21. Qh5 Rf6 22.
Rf4 Rh6 23. Qg5+ Ng6 24. Qxd8 Rxd8 25. Rff1 fxe4 26. Nxe4 Nge5 27. gxh4 Rxh4 28.
bxc5 dxc5 29. Nbxc5 bxc5 30. Nxc5 Bd5 31. Rb7+ Kg6 32. Bxd5 Rxd5 33. Ne6 Rg4+
34. Kh2 Rd6 35. Nf8+ Kh5 36. Rf5+ Rg5 37. Rh7+ Kg4 38. Rf1 Rxd3 39. Rg1+ Kf5 40.
Rxg5+ Kxg5 41. Ne6+ Kf6 42. Nc5 Rxa3 43. Rh6+ Kg5 44. Rd6 a5 45. Kg2 Kf5 46. Kf1
Nb4 47. Ke2 Ra2+ 48. Kd1 a4 49. Nxa4 Rxa4 50. Rd8 Nbd3 51. Kd2 Ke4 52. Kc3 Nf4
53. Kb3 Ra7 54. Rd1 Nfd3 55. Rh1 Rb7+ 56. Kc3 Rc7+ 57. Kb3 Nf3 58. Ka4 Nd4 59.
Ka5 Kd5 60. Kb6 Rc6+ 61. Kb7 Nc5+ 62. Ka7 Ra6+ 63. Kb8 Nc6+ 64. Kc8 Ra8+ 65. Kc7
Ne6+ 66. Kb7 Rb8+ 67. Ka6 Nc5# 0-1

[Event "Mondiale Lampo FIDE 2019"]
[Site "Mosca"]
[Date "29.12.2019"]
[Round "7.10"]
[White "Fedoseev, Vladimir3"]
[Black "Safarli, Eltaj"]
[Result "1-0"]
[WhiteTitle "GM"]
[BlackTitle "GM"]
[WhiteElo "2677"]
[BlackElo "2601"]
[WhiteFideId "24130737"]
[BlackFideId "13402129"]
[EventDate "2019.12.29"]

1. d4 Nf6 2. c4 e6 3. Nf3 d5 4. Nc3 Be7 5. Bf4 O-O 6. e3 Nbd7 7. cxd5 Nxd5 8.
Bg3 c5 9. Bd3 cxd4 10. exd4 N7f6 11. O-O b6 12. Rc1 Bb7 13. Qe2 Rc8 14. Ba6 Bxa6
15. Qxa6 Nxc3 16. bxc3 Ne4 17. c4 Nxg3 18. hxg3 Rc7 19. Rfd1 Qc8 20. Qb5 Qd7 21.
a4 Bf6 22. c5 Qd5 23. cxb6 Rxc1 24. Rxc1 Qxb5 25. axb5 axb6 26. Rc6 Rb8 27. Kf1
Kf8 28. Ke2 Ke8 29. Rc7 Ra8 30. Rb7 Ra2+ 31. Ke3 Ra3+ 32. Ke4 Bd8 33. g4 Ra2 34.
Ne5 Bf6 35. Rb8+ Ke7 36. Rb7+ Ke8 37. Rxb6 Rxf2 38. Rb8+ Ke7 39. Rb7+ Ke8 40. b6
Rb2 41. Nc4 Rb4 42. Rc7 Bd8 43. Nd6+ Kf8 44. Rxf7+ Kg8 45. b7 Bf6 46. Rc7 Rxd4+ 1-0

[Event "Mondiale Lampo FIDE 2019"]
[Site "Mosca"]
[Date "29.12.2019"]
[Round "7.11"]
[White "Wojtaszek, Radoslaw"]
[Black "Ponkratov, Pavel"]
[Result "0-1"]
[WhiteTitle "GM"]
[BlackTitle "GM"]
[WhiteElo "2725"]
[BlackElo "2632"]
[WhiteFideId "1118358"]
[BlackFideId "4157800"]
[EventDate "2019.12.29"]

1. d4 Nf6 2. c4 e6 3. Nf3 c5 4. d5 exd5 5. cxd5 d6 6. e4 g6 7. Nc3 Bg7 8. Nd2
O-O 9. Be2 Nbd7 10. O-O Re8 11. a4 a6 12. Ra3 Rb8 13. Re1 Ne5 14. h3 g5 15. Nf1
h6 16. Ng3 Bd7 17. a5 Ng6 18. Qc2 Qe7 19. Bf1 Qe5 20. Bd2 g4 21. Nf5 gxh3 22. g3
h2+ 23. Kxh2 Ng4+ 24. Kg2 Bxf5 25. exf5 Nh4+ 26. gxh4 Qh2+ 27. Kf3 Qxf2+ 28.
Kxg4 Rxe1 29. Ne4 h5+ 30. Kg5 f6+ 31. Kg6 Qxh4 32. Rg3 Rxe4 0-1

[Event "Mondiale Lampo FIDE 2019"]
[Site "Mosca"]
[Date "29.12.2019"]
[Round "7.12"]
[White "Nepomniachtchi, Ian"]
[Black "Smirin, Ilia"]
[Result "1-0"]
[WhiteTitle "GM"]
[BlackTitle "GM"]
[WhiteElo "2767"]
[BlackElo "2607"]
[WhiteFideId "4168119"]
[BlackFideId "2801990"]
[EventDate "2019.12.29"]

1. e4 c5 2. Nf3 e6 3. d4 cxd4 4. Nxd4 a6 5. c4 Nf6 6. Nc3 Qc7 7. Be2 Bb4 8. Qd3
Nc6 9. O-O h5 10. h3 Nxd4 11. Qxd4 Bc5 12. Qd3 b6 13. Be3 Bb7 14. Rad1 Rd8 15.
Bxc5 bxc5 16. f4 d6 17. e5 dxe5 18. Qxd8+ Qxd8 19. Rxd8+ Kxd8 20. fxe5 Nd7 21.
Rxf7 g6 22. Rg7 Rh6 23. Bd1 Bc6 24. Ba4 Nxe5 25. Bxc6 Nxc6 26. Ne4 Ne5 27. Nxc5
Nxc4 28. Nxe6+ Ke8 29. b3 Nd6 30. Ng5 h4 31. Ra7 Rh5 32. Rxa6 Ke7 33. Nf3 Rh8
34. Ra4 Nf5 35. Rb4 Rc8 36. Nxh4 Rc1+ 37. Kh2 1-0

[Event "Mondiale Lampo FIDE 2019"]
[Site "Mosca"]
[Date "29.12.2019"]
[Round "7.13"]
[White "Yu, Yangyi"]
[Black "Paravyan, David"]
[Result "1-0"]
[WhiteTitle "GM"]
[BlackTitle "GM"]
[WhiteElo "2738"]
[BlackElo "2629"]
[WhiteFideId "8603820"]
[BlackFideId "4194985"]
[EventDate "2019.12.29"]

1. e4 e5 2. Nf3 Nc6 3. Nc3 Nf6 4. Bb5 Nd4 5. Bc4 Bc5 6. Nxe5 Qe7 7. Nf3 d5 8.
Nxd5 Qxe4+ 9. Ne3 Bg4 10. Be2 Nxe2 11. Qxe2 O-O 12. d3 Qe6 13. Nxg4 Qxg4 14. O-O
Rfe8 15. Qd1 Re6 16. h3 Qf5 17. Nh4 Qd5 18. Qf3 Rae8 19. Qxd5 Nxd5 20. Bd2 Re2
21. Nf3 Nb4 22. d4 Bd6 23. Bxb4 Bxb4 24. c3 Bd6 25. Rfe1 Kf8 26. Rab1 b5 27. Kf1
Rc2 28. Rxe8+ Kxe8 29. a3 a5 30. Ng1 b4 31. axb4 axb4 32. Ne2 bxc3 33. bxc3 Kd7
34. g3 h5 35. h4 g6 36. Ke1 Ke6 37. Rb5 Ra2 38. c4 Ra1+ 39. Kd2 Ra3 40. c5 Bf8
41. Rb7 Kd7 42. Nc3 Bg7 43. Kd3 Kc8 44. Rb1 Ra6 45. Kc4 Re6 46. Rb2 Re8 47. Re2
Rd8 48. Rd2 c6 49. Ne4 Kc7 50. Nd6 Rd7 51. Rb2 Bf8 52. Rb7+ Kd8 53. Nxf7+ Ke7
54. Rxd7+ Kxd7 55. Ne5+ Ke6 56. Nxc6 1-0

[Event "Mondiale Lampo FIDE 2019"]
[Site "Mosca"]
[Date "29.12.2019"]
[Round "7.14"]
[White "Duda, Jan-Krzysztof"]
[Black "Alekseev, Evgeny"]
[Result "1-0"]
[WhiteTitle "GM"]
[BlackTitle "GM"]
[WhiteElo "2758"]
[BlackElo "2620"]
[WhiteFideId "1170546"]
[BlackFideId "4138147"]
[EventDate "2019.12.29"]

1. Nf3 c5 2. e4 e6 3. g3 Nc6 4. Bg2 Nf6 5. Qe2 e5 6. O-O Be7 7. c3 O-O 8. Rd1 d5
9. exd5 Qxd5 10. d3 Rd8 11. Ne1 Bg4 12. Qxg4 Nxg4 13. Bxd5 Rxd5 14. c4 Rd7 15.
Nc3 Rad8 16. f3 Nf6 17. Kf2 Ne8 18. Be3 Nc7 19. a3 b6 20. Ke2 f5 21. Nc2 Kf7 22.
Rab1 Nd4+ 23. Bxd4 cxd4 24. Na2 Re8 25. Rf1 g6 26. b4 Bf6 27. Kd2 Kg7 28. Rbe1
Rde7 29. Nc1 Bg5+ 30. Kd1 Bf6 31. Nb3 h5 32. b5 Ne6 33. Nb4 Rd7 34. Kc2 Kf7 35.
a4 Bg7 36. a5 Rc8 37. Nc6 Re8 38. Rxe5 1-0

[Event "Mondiale Lampo FIDE 2019"]
[Site "Mosca"]
[Date "29.12.2019"]
[Round "7.15"]
[White "Chigaev, Maksim"]
[Black "Vachier-Lagrave, Maxime"]
[Result "0-1"]
[WhiteTitle "GM"]
[BlackTitle "GM"]
[WhiteElo "2631"]
[BlackElo "2780"]
[WhiteFideId "4108116"]
[BlackFideId "623539"]
[EventDate "2019.12.29"]

1. e4 c5 2. Nf3 d6 3. d4 cxd4 4. Nxd4 Nf6 5. Nc3 a6 6. Bd3 g6 7. f3 Bg7 8. Be3
O-O 9. Qd2 Nc6 10. O-O-O d5 11. Nxc6 bxc6 12. Bh6 Rb8 13. Bxg7 Kxg7 14. e5 Nd7
15. f4 Nc5 16. h3 Qa5 17. Kb1 Qb4 18. b3 a5 19. Ne2 Bd7 20. Qxb4 axb4 21. g4 f6
22. exf6+ exf6 23. Kb2 Rfe8 24. Nd4 Nxd3+ 25. cxd3 c5 26. Nc2 Bb5 27. Rd2 d4 28.
Rc1 Rb7 29. a4 bxa3+ 30. Nxa3 Ba4 31. Rxc5 Reb8 32. Ka1 Rxb3 33. Nc4 Rc3 34.
Rc7+ Kg8 35. Rb2 Bb3 36. Ra7 Rc1+ 0-1

[Event "Mondiale Lampo FIDE 2019"]
[Site "Mosca"]
[Date "29.12.2019"]
[Round "7.16"]
[White "Fridman, Daniel"]
[Black "Dubov, Daniil"]
[Result "0-1"]
[WhiteTitle "GM"]
[BlackTitle "GM"]
[WhiteElo "2616"]
[BlackElo "2690"]
[WhiteFideId "11600454"]
[BlackFideId "24126055"]
[EventDate "2019.12.29"]

1. d4 Nf6 2. Nf3 c5 3. d5 b5 4. Bg5 g6 5. Bxf6 exf6 6. e4 b4 7. Nbd2 Bg7 8. Bd3
O-O 9. Nc4 d6 10. O-O Qc7 11. Qd2 Nd7 12. a3 a5 13. axb4 cxb4 14. Ra2 Ba6 15. b3
Bxc4 16. Bxc4 Nc5 17. Bd3 Rfe8 18. Re1 Re7 19. Nd4 f5 20. Nc6 Bc3 21. Nxe7+ Qxe7
22. Qd1 Bxe1 23. Qxe1 fxe4 24. Bc4 Qe5 25. Ra1 Kg7 26. g3 h5 27. h4 Qb2 28. Rc1
a4 29. bxa4 Rxa4 30. Qd2 b3 31. Bf1 Ra2 32. Qf4 bxc2 33. Qd2 Nb3 0-1

[Event "Mondiale Lampo FIDE 2019"]
[Site "Mosca"]
[Date "29.12.2019"]
[Round "7.19"]
[White "Golubov, Saveliy"]
[Black "Kamsky, Gata"]
[Result "1-0"]
[WhiteTitle "IM"]
[BlackTitle "GM"]
[WhiteElo "2469"]
[BlackElo "2677"]
[WhiteFideId "24176729"]
[BlackFideId "2000024"]
[EventDate "2019.12.29"]

1. d4 g6 2. Nf3 Bg7 3. c3 Nf6 4. Bg5 b6 5. Nbd2 Bb7 6. e3 d6 7. a4 a6 8. Bd3
Nbd7 9. O-O O-O 10. e4 e5 11. Re1 Re8 12. a5 b5 13. d5 h6 14. Bh4 c6 15. dxc6
Bxc6 16. b4 Qc7 17. c4 bxc4 18. Nxc4 Re6 19. Rc1 Qb7 20. Ncd2 d5 21. exd5 Nxd5
22. Bc4 g5 23. Bg3 Rd8 24. Ne4 Qa8 25. Qb3 Rb8 26. Rcd1 Rxb4 27. Qd3 f5 28. Nc3
e4 29. Nxd5 exd3 30. Nxb4 Bxf3 31. Bxe6+ Kh8 32. gxf3 Nf8 33. Bxf5 Qxf3 34. Be4
Qf7 35. Nxd3 h5 36. Be5 g4 37. Bxg7+ Kxg7 38. Bg2 Qf6 39. Nc5 Ng6 40. Re6 Qc3
41. Rd7+ Kh6 42. Rdd6 Qc1+ 43. Bf1 Qxc5 44. Rxg6+ Kh7 45. Rge6 Qc7 46. Rxa6 h4
47. Rac6 Qa7 48. Rh6+ Kg7 49. Rcg6+ 1-0

[Event "Mondiale Lampo FIDE 2019"]
[Site "Mosca"]
[Date "29.12.2019"]
[Round "7.20"]
[White "Tari, Aryan"]
[Black "Petrosian, Tigran L."]
[Result "1-0"]
[WhiteTitle "GM"]
[BlackTitle "GM"]
[WhiteElo "2634"]
[BlackElo "2601"]
[WhiteFideId "1510045"]
[BlackFideId "13301616"]
[EventDate "2019.12.29"]

1. e4 g6 2. d4 Bg7 3. Nf3 d6 4. Bc4 Nf6 5. Qe2 c6 6. Bb3 a5 7. a4 O-O 8. O-O b6
9. Re1 Ba6 10. Qd1 Nbd7 11. Nbd2 d5 12. e5 Ne8 13. c3 Nc7 14. Nf1 Bxf1 15. Rxf1
f6 16. exf6 exf6 17. Re1 Re8 18. Bf4 Ne6 19. Bg3 Ndf8 20. Qd3 Qd7 21. Re2 Bh6
22. Rae1 Nf4 23. Bxf4 Bxf4 24. g3 Bc7 25. h4 Kg7 26. Bc2 Rxe2 27. Qxe2 Kf7 28.
c4 Bd6 29. cxd5 cxd5 30. Bb3 Bb4 31. Rc1 Ne6 32. Qb5 Qxb5 33. axb5 Rd8 34. Rc6
Rd6 35. Rxd6 Bxd6 36. Bxd5 Ke7 37. Kf1 g5 38. hxg5 fxg5 39. Bxe6 Kxe6 40. Ke2
Kf5 41. Ke3 h5 42. b3 Ba3 43. Ne5 Bc1+ 44. Kf3 g4+ 45. Kg2 Bb2 46. Nd3 Bxd4 47.
f3 Be3 48. Nb2 Bc5 49. Nc4 Bd4 50. fxg4+ hxg4 51. Kf1 Ke4 52. Ke2 Bc5 53. Kd2
Kf3 54. Ke1 Kxg3 55. Kf1 Kf3 56. Ne5+ Kf4 57. Nd3+ Ke4 58. Nxc5+ bxc5 59. b6 a4
60. b7 1-0

[Event "Mondiale Lampo FIDE 2019"]
[Site "Mosca"]
[Date "29.12.2019"]
[Round "7.21"]
[White "Rakhmanov, Aleksandr"]
[Black "Amin, Bassem"]
[Result "1/2-1/2"]
[WhiteTitle "GM"]
[BlackTitle "GM"]
[WhiteElo "2645"]
[BlackElo "2683"]
[WhiteFideId "4173708"]
[BlackFideId "10601457"]
[EventDate "2019.12.29"]

1. Nf3 e6 2. g3 f5 3. Bg2 Nf6 4. O-O Be7 5. b3 O-O 6. Bb2 d6 7. d3 Qe8 8. Nbd2
Nc6 9. e4 e5 10. exf5 Bxf5 11. d4 e4 12. Nh4 Bg4 13. f3 exf3 14. Bxf3 Qh5 15.
Bxg4 Nxg4 16. h3 Rxf1+ 17. Nxf1 Nf6 18. Qxh5 Nxh5 19. Nf5 Rf8 20. N5e3 Bf6 21.
c3 Re8 22. Kg2 Bg5 23. Re1 Bxe3 24. Rxe3 Rxe3 25. Nxe3 Nf6 26. d5 Ne5 27. c4
Nfd7 28. Bd4 a6 29. g4 g6 30. Kg3 Nd3 31. Nd1 Kf7 32. Nc3 h6 33. Kf3 g5 34. Ke4
Nb4 35. Kf3 Nc2 36. Bf2 Ne5+ 37. Ke4 Ng6 38. Bg3 Nb4 39. a3 Nc2 40. a4 a5 41. c5
dxc5 42. Bxc7 Na1 43. Bxa5 Nxb3 44. Bb6 Nf4 45. h4 Nd2+ 46. Kf5 Nd3 47. hxg5
hxg5 48. d6 Ke8 49. Ne4 Nxe4 50. Kxe4 Nb2 51. a5 c4 52. Kd4 Kd7 53. Kc3 Na4+ 54.
Kxc4 Nxb6+ 55. axb6 Kxd6 56. Kd4 Kc6 57. Ke5 Kxb6 58. Kf5 Kc6 59. Kxg5 b5 60.
Kf4 b4 61. Ke3 Kd5 62. g5 1/2-1/2

[Event "Mondiale Lampo FIDE 2019"]
[Site "Mosca"]
[Date "29.12.2019"]
[Round "7.22"]
[White "Mamedov, Rauf"]
[Black "Sychev, Klementy"]
[Result "1-0"]
[WhiteTitle "GM"]
[BlackTitle "GM"]
[WhiteElo "2659"]
[BlackElo "2563"]
[WhiteFideId "13401653"]
[BlackFideId "4114060"]
[EventDate "2019.12.29"]

1. e4 e5 2. Nf3 Nc6 3. Bb5 a6 4. Ba4 f5 5. d3 fxe4 6. dxe4 Nf6 7. Nc3 d6 8. a3
Be7 9. Bb3 Bg4 10. Be3 Qd7 11. h3 Be6 12. Nd5 Nd8 13. Ng5 Nxd5 14. exd5 Bf5 15.
g4 Bg6 16. Qf3 Bxg5 17. Bxg5 Nf7 18. Bd2 O-O 19. O-O-O Ng5 20. Qe2 Nf3 21. Be3
Rf7 22. Kb1 Raf8 23. Ka2 Nh4 24. Rhg1 Be4 25. Rc1 Bf3 26. Qd3 Qb5 27. c4 Qd7 28.
c5 Kh8 29. c6 Qc8 30. Rg3 Ng6 31. h4 Bxg4 32. cxb7 Qd7 33. Qxa6 Bf5 34. Qc6 Qd8
35. Ba7 Qxh4 36. b8=Q Rxb8 37. Bxb8 h6 38. Bxc7 Qf4 39. Bxd6 Qxf2 40. Qe8+ Kh7
41. Qxf7 Bb1+ 42. Kxb1 Qxf7 43. Bc2 1-0

[Event "Mondiale Lampo FIDE 2019"]
[Site "Mosca"]
[Date "29.12.2019"]
[Round "7.23"]
[White "Iturrizaga Bonelli, Eduardo"]
[Black "Bluebaum, Matthias"]
[Result "1-0"]
[WhiteTitle "GM"]
[BlackTitle "GM"]
[WhiteElo "2597"]
[BlackElo "2644"]
[WhiteFideId "3901211"]
[BlackFideId "24651516"]
[EventDate "2019.12.29"]

1. c4 e5 2. g3 c6 3. Nf3 e4 4. Nd4 d5 5. cxd5 Qxd5 6. e3 Nf6 7. Nc3 Qe5 8. d3
Bb4 9. Bg2 Na6 10. O-O exd3 11. Qxd3 O-O 12. a3 Nc5 13. Qc2 Bxc3 14. Qxc3 Ne6
15. Nxc6 Qh5 16. Ne7+ Kh8 17. e4 Bd7 18. h3 Ng5 19. Bxg5 Qxg5 20. f4 Qh6 21. e5
Ng8 22. Nxg8 Kxg8 23. Kh2 Rac8 24. Qd2 Bc6 25. Rfd1 Bxg2 26. Qxg2 Qb6 27. Rd2 h6
28. Rad1 Qb3 29. Rd3 Qb5 30. R1d2 a5 31. Rd7 b6 32. h4 a4 33. e6 Qf5 34. e7 Rfe8
35. Qb7 Rc2 36. Rxc2 Qxc2+ 37. Qg2 Qxg2+ 38. Kxg2 f5 39. Rb7 Kf7 40. Rxb6 Rxe7
41. Rb4 Re2+ 42. Kf3 Rc2 43. Ke3 Rg2 44. Kf3 Rc2 45. h5 Kf6 46. Rb6+ Kf7 47. Rb5
Kf6 48. Rb6+ Kf7 49. g4 fxg4+ 50. Kxg4 Rf2 51. Kf5 Rh2 52. Rb7+ Kg8 53. Kg4 Rf2
54. Kg3 Rc2 55. Rb4 Kf7 56. Kg4 Kf6 57. Rb6+ Kf7 58. Kf5 Rc5+ 59. Kg4 Rc2 60.
Kf3 Rh2 61. Rb4 Kf6 62. Ke4 Rd2 63. Rb6+ Kf7 64. Rb5 Kf6 65. Ke3 Rc2 66. Kd3 Rf2
67. Rb4 Kf5 68. Kc3 Rf3+ 69. Kc2 Rf2+ 70. Kb1 Rxf4 71. Rxf4+ Kxf4 72. b3 axb3
73. a4 Ke4 74. Kb2 Kd4 75. Kxb3 Kc5 76. Kc3 Kb6 77. Kb4 Ka6 78. a5 Ka7 79. Kb5
Kb7 80. a6+ Ka7 81. Ka5 Ka8 82. Kb6 Kb8 83. a7+ Ka8 84. Ka6 1-0

[Event "Mondiale Lampo FIDE 2019"]
[Site "Mosca"]
[Date "29.12.2019"]
[Round "7.24"]
[White "Dreev, Aleksey"]
[Black "Khusnutdinov, Rustam"]
[Result "1-0"]
[WhiteTitle "GM"]
[BlackTitle "GM"]
[WhiteElo "2677"]
[BlackElo "2491"]
[WhiteFideId "4100107"]
[BlackFideId "13701703"]
[EventDate "2019.12.29"]

1. d4 Nf6 2. Nf3 d5 3. c4 e6 4. Nc3 dxc4 5. e3 a6 6. a4 b6 7. Bxc4 Bb7 8. O-O
Nbd7 9. Qe2 Bb4 10. Bd2 O-O 11. Rac1 Qe7 12. Rfd1 Rfd8 13. Be1 c5 14. h3 cxd4
15. Rxd4 Nc5 16. b3 Rxd4 17. Nxd4 h6 18. Na2 Bxe1 19. Rxe1 Nd5 20. Rc1 Qg5 21.
Nf3 Qf6 22. Qd2 Ne4 23. Qd4 Qxd4 24. Nxd4 Rc8 25. f3 Nd2 26. Bxd5 Rxc1+ 27. Nxc1
Bxd5 28. e4 Bb7 29. Kf2 Nb1 30. Ke3 e5 31. Nf5 b5 32. axb5 axb5 33. Na2 b4 34.
Nd6 Ba8 35. Nxb4 Kf8 36. Kd3 Ke7 37. Nf5+ Kf6 38. Nc2 Bb7 39. Nd6 Ba6+ 40. Nc4
Kg5 41. g3 f5 42. h4+ Kf6 43. Nb4 Bb7 44. Nd6 Ba8 45. Nxf5 Na3 46. Nd6 Ke6 47.
Ne8 g5 48. hxg5 hxg5 49. Nc7+ 1-0

[Event "Mondiale Lampo FIDE 2019"]
[Site "Mosca"]
[Date "29.12.2019"]
[Round "7.25"]
[White "Quparadze, Giga"]
[Black "Nozdrachev, Vladislav"]
[Result "1-0"]
[WhiteTitle "GM"]
[BlackTitle "IM"]
[WhiteElo "2462"]
[BlackElo "2494"]
[WhiteFideId "13602250"]
[BlackFideId "24113441"]
[EventDate "2019.12.29"]

1. e4 e5 2. Nf3 Nc6 3. Bb5 a6 4. Ba4 Nf6 5. O-O Bc5 6. Bxc6 dxc6 7. d3 Nd7 8.
Nbd2 O-O 9. Nc4 Re8 10. b3 Bf8 11. Bb2 f6 12. Kh1 Nc5 13. Ng1 Ne6 14. Ne2 Nd4
15. a4 c5 16. Ne3 Bd6 17. Ng3 Be6 18. Nef5 Qd7 19. Nxd6 cxd6 20. f4 b5 21. Qd2
Reb8 22. Bc3 Nc6 23. Qf2 c4 24. bxc4 bxc4 25. d4 d5 26. exd5 Qxd5 27. dxe5 fxe5
28. Rad1 Nd4 29. fxe5 Rf8 30. Qxd4 Qb7 31. Kg1 h6 32. Ne4 Rxf1+ 33. Rxf1 Bd5 34.
Nd6 Qc6 35. e6 1-0

[Event "Mondiale Lampo FIDE 2019"]
[Site "Mosca"]
[Date "29.12.2019"]
[Round "7.26"]
[White "Vastrukhin, Oleg"]
[Black "Motylev, Alexander"]
[Result "0-1"]
[WhiteTitle "IM"]
[BlackTitle "GM"]
[WhiteElo "2428"]
[BlackElo "2640"]
[WhiteFideId "4192770"]
[BlackFideId "4121830"]
[EventDate "2019.12.29"]

1. Nf3 d5 2. g3 Nd7 3. d4 Ngf6 4. Bg2 e6 5. O-O b5 6. Nbd2 Bb7 7. Ne5 Nxe5 8.
dxe5 Nd7 9. a4 b4 10. f4 h5 11. h3 a5 12. e4 d4 13. b3 Be7 14. Nc4 Ba6 15. Kh1
Bxc4 16. bxc4 c5 17. h4 Qc7 18. f5 Nxe5 19. Bf4 Bf6 20. fxe6 fxe6 21. Bh3 Ke7
22. Qe2 Raf8 23. Rf2 Qd6 24. Raf1 Kd7 25. Kg2 Kc6 26. Qd1 Kb6 27. Qe2 Re8 28.
Qd1 Qc6 29. Bxe5 Bxe5 30. Rf7 Qxa4 31. Kh2 Qc6 32. Qf3 a4 33. Bg2 Qd6 34. Kh3
Ra8 35. g4 hxg4+ 36. Qxg4 Rh6 37. Rxg7 Rah8 38. Rg6 Rxh4+ 39. Qxh4 Rxh4+ 40.
Kxh4 Qe7+ 41. Kh5 Qh7+ 42. Rh6 Qg8 43. Rg6 Qh8+ 44. Rh6 Qe8+ 45. Kg4 a3 46. Bh3
d3 47. cxd3 a2 48. Kh4 Qe7+ 49. Kh5 Qe8+ 50. Kg5 Qg8+ 51. Rg6 Qd8+ 52. Kh5 Ka5 0-1

[Event "Mondiale Lampo FIDE 2019"]
[Site "Mosca"]
[Date "29.12.2019"]
[Round "7.27"]
[White "Svidler, Peter"]
[Black "Carlsson, Pontus"]
[Result "1-0"]
[WhiteTitle "GM"]
[BlackTitle "GM"]
[WhiteElo "2723"]
[BlackElo "2456"]
[WhiteFideId "4102142"]
[BlackFideId "1705814"]
[EventDate "2019.12.29"]

1. e4 c5 2. Nf3 d6 3. d4 cxd4 4. Nxd4 Nf6 5. Nc3 g6 6. g3 Bg7 7. Bg2 O-O 8. O-O
Nc6 9. Nde2 Rb8 10. a4 a6 11. h3 b5 12. axb5 axb5 13. Nd5 Nd7 14. Ra2 e6 15. Ne3
Nc5 16. b3 Bb7 17. Bb2 Nb4 18. Bxg7 Kxg7 19. Qd4+ e5 20. Qxb4 Qb6 21. Nc3 1-0

[Event "Mondiale Lampo FIDE 2019"]
[Site "Mosca"]
[Date "29.12.2019"]
[Round "7.28"]
[White "Predke, Alexandr"]
[Black "Giri, Anish"]
[Result "1-0"]
[WhiteTitle "GM"]
[BlackTitle "GM"]
[WhiteElo "2676"]
[BlackElo "2769"]
[WhiteFideId "24107581"]
[BlackFideId "24116068"]
[EventDate "2019.12.29"]

1. Nf3 d5 2. d3 Nf6 3. g3 Bg4 4. Nbd2 Nbd7 5. h3 Bxf3 6. Nxf3 e5 7. Bg2 Bd6 8.
Nh4 O-O 9. Nf5 Bc5 10. e4 c6 11. Qe2 Re8 12. h4 Nf8 13. c3 g6 14. Nh6+ Kg7 15.
h5 dxe4 16. dxe4 Ne6 17. Ng4 Nxg4 18. Qxg4 Qf6 19. O-O Rad8 20. b4 Bb6 21. a4 a6
22. Qe2 Rd6 23. h6+ Kg8 24. Ra2 Red8 25. Rd2 Qe7 26. Rfd1 Rxd2 27. Rxd2 Rxd2 28.
Qxd2 Qd8 29. Bh3 Qxd2 30. Bxd2 Kf8 31. Kg2 Ke7 32. f4 exf4 33. gxf4 Bc7 34. Kf3
Nf8 35. Bc8 b6 36. Bxa6 f5 37. Bd3 fxe4+ 38. Bxe4 c5 39. bxc5 bxc5 40. f5 gxf5
41. Bxf5 Kf6 42. Ke4 Ba5 43. Bg4 Ng6 44. Kd5 Ne5 45. Be2 c4 46. Bxc4 Nf3 47. Be3
Bxc3 48. Bd3 Ng5 49. Kc4 Be1 50. Kb5 Nf7 51. Bxh7 Nd6+ 52. Kc6 Nc4 53. Bc1 Ne5+
54. Kb5 Nf7 55. Bc2 Bg3 56. Bb2+ Be5 57. Bc1 Ke7 58. a5 Nd6+ 59. Kc6 Nc4 60. a6
Bd4 61. Kd5 Ne3+ 62. Bxe3 1-0

[Event "Mondiale Lampo FIDE 2019"]
[Site "Mosca"]
[Date "29.12.2019"]
[Round "7.29"]
[White "Le, Quang Liem"]
[Black "Pashikian, Arman"]
[Result "1/2-1/2"]
[WhiteTitle "GM"]
[BlackTitle "GM"]
[WhiteElo "2713"]
[BlackElo "2605"]
[WhiteFideId "12401137"]
[BlackFideId "13301578"]
[EventDate "2019.12.29"]

1. c4 e6 2. Nc3 d5 3. d4 g6 4. Bf4 Bg7 5. cxd5 exd5 6. e3 c6 7. h3 Ne7 8. Nf3
O-O 9. Be2 a5 10. O-O Na6 11. a3 h6 12. Be5 Be6 13. Bxg7 Kxg7 14. Ne5 Nf5 15.
Qd2 Qe7 16. Bd3 Nc7 17. Ne2 Nd6 18. Ng3 Qg5 19. Kh2 Bf5 20. f4 Qe7 21. Nxf5+
Nxf5 22. Bxf5 gxf5 23. Rg1 Nb5 24. g4 Nd6 25. gxf5+ Kh7 26. Rg4 Rg8 27. Rag1
Nxf5 28. Qg2 Rxg4 29. Qxg4 Qf6 30. Qf3 Rg8 31. Rg4 Nd6 32. Qg2 Rxg4 33. Qxg4 Qf5
34. Qxf5+ Nxf5 35. Nxf7 Nxe3 36. Nd8 Nc4 37. b3 Nd2 38. b4 axb4 39. axb4 Nf3+
40. Kg3 Nxd4 41. Nxb7 Nc2 42. f5 Nxb4 43. Kf4 Nd3+ 44. Ke3 Ne5 45. Kf4 Nc4 46.
Nd8 d4 47. Nxc6 d3 48. Kf3 Kg7 49. Nb4 d2 50. Ke2 Kf6 51. Nd5+ Kxf5 52. Nc3 Kf4
53. Kd3 Kg3 54. Kxc4 Kxh3 55. Kd3 h5 56. Kxd2 h4 57. Ne4 Kg2 58. Ng5 h3 59. Nxh3
Kxh3 1/2-1/2